[Event "POL-chT U26 rapid"]
[Site "Hucisko"]
[Date "2016.01.16"]
[Round "2.14"]
[White "Leniart, Arkadiusz"]
[Black "Pisulinski, Jan"]
[Result "1/2-1/2"]
[WhiteElo "2484"]
[BlackElo "2350"]
[PlyCount "114"]
[EventDate "2016.01.16"]
[EventType "team-swiss (rapid)"]
[EventRounds "9"]
[EventCountry "POL"]
[SourceTitle "CBM 170 Extra"]
[Source "ChessBase"]
[SourceDate "2016.02.25"]
[SourceVersion "1"]
[SourceVersionDate "2016.02.25"]
[SourceQuality "1"]
[WhiteTeam "Warsaw UW"]
[BlackTeam "Rzeszow URz"]
[WhiteTeamCountry "POL"]
[BlackTeamCountry "POL"]

1. e4 c5 2. Nf3 d6 3. d4 cxd4 4. Nxd4 Nf6 5. Nc3 a6 6. g3 e5 7. Nde2 Be7 8. Bg2 0-0 9. 0-0 Nbd7 10. h3 b5 11. Bg5 Bb7 12. a3 h6 13. Bxf6 Nxf6 14. Qd2 Rc8 15. Rad1 Rc4 16. Qe3 Qc8 17. Rd2 a5 18. b3 Rc5 19. Rc1 b4 20. Na4 Rc6 21. axb4 axb4 22. c4 bxc3 23. Rxc3 Qe6 24. Rxc6 Bxc6 25. Nb6 Rb8 26. Nd5 Bxd5 27. exd5 Qd7 28. f4 exf4 29. Nxf4 Bd8 30. Kh2 Bb6 31. Qc3 Qb5 32. Qc4 Be3 33. Re2 Bxf4 34. gxf4 Qxb3 35. Qxb3 Rxb3 36. Rc2 Nh5 37. Rc4 g6 38. Kg1 Kg7 39. Kf2 Kf6 40. Bf3 Rb2+ 41. Ke1 Ng3 42. Rc6 Kf5 43. Rxd6 Kxf4 44. Bg4 Ke3 45. Kd1 f5 46. Kc1 Rb5 47. Bd1 g5 48. Re6+ Kd3 49. Bc2+ Kd4 50. d6 f4 51. Rxh6 f3 52. Rf6 Ke3 53. Re6+ Kd4 54. Rf6 Ke3 55. Re6+ Kd4 56. Rf6 Ke3 57. Re6+ Kd4 1/2-1/2

[Event "POL-chT1"]
[Site "Mrzezyno"]
[Date "2011.09.06"]
[Round "4"]
[White "Hnydiuk, Aleksander"]
[Black "Pisulinski, Jan"]
[Result "1-0"]
[WhiteElo "2412"]
[BlackElo "2352"]
[PlyCount "87"]
[EventDate "2011.09.03"]
[EventType "team-tourn"]
[EventRounds "9"]
[EventCountry "POL"]
[SourceTitle "CBM 144 Extra"]
[Source "ChessBase"]
[SourceDate "2011.10.28"]
[SourceVersion "1"]
[SourceVersionDate "2011.10.28"]
[SourceQuality "1"]
[WhiteTeam "Brzeg Prokonex"]
[BlackTeam "Gorzow Wielkopolski Stilon"]
[WhiteTeamCountry "POL"]
[BlackTeamCountry "POL"]

1. e4 c5 2. Nf3 d6 3. d4 cxd4 4. Nxd4 Nf6 5. Nc3 a6 6. f3 e5 7. Nb3 Be6 8. Be3 Be7 9. Qd2 Nbd7 10. 0-0-0 b5 11. g4 b4 12. Nd5 Bxd5 13. exd5 0-0 14. Qxb4 a5 15. Qa4 Qc7 16. Rd3 Nb6 17. Qc6 Nbxd5 18. Qxc7 Nxc7 19. a4 Nfd5 20. Bd2 Nb4 21. Bxb4 axb4 22. a5 d5 23. h4 f5 24. gxf5 Rxf5 25. Bh3 Rf4 26. Bd7 Rxh4 27. Rxh4 Bxh4 28. Bc6 Rd8 29. Bb7 Bf2 30. Kd1 Kf7 31. Ke2 Ba7 32. Rd1 h5 33. a6 Rd6 34. Na5 Nxa6 35. Nc4 Rh6 36. Nxe5+ Ke8 37. Ra1 Bd4 38. Nc6 Nc5 39. Nxd4 Nxb7 40. Nf5 Re6+ 41. Kd2 Rf6 42. Nxg7+ Kf8 43. Nxh5 Rxf3 44. Ra8+ 1-0

[Event "POL-chT1"]
[Site "Mrzezyno"]
[Date "2011.09.04"]
[Round "2"]
[White "Wieczorek, Zbigniew"]
[Black "Pisulinski, Jan"]
[Result "1/2-1/2"]
[WhiteElo "2318"]
[BlackElo "2352"]
[PlyCount "130"]
[EventDate "2011.09.03"]
[EventType "team-tourn"]
[EventRounds "9"]
[EventCountry "POL"]
[SourceTitle "CBM 144 Extra"]
[Source "ChessBase"]
[SourceDate "2011.10.28"]
[SourceVersion "1"]
[SourceVersionDate "2011.10.28"]
[SourceQuality "1"]
[WhiteTeam "Raciborz Silesia"]
[BlackTeam "Gorzow Wielkopolski Stilon"]
[WhiteTeamCountry "POL"]
[BlackTeamCountry "POL"]

1. Nf3 c5 2. g3 b6 3. Bg2 Bb7 4. 0-0 Nf6 5. d3 e6 6. e4 d6 7. Ng5 h6 8. Nh3 Qc7 9. f4 Nbd7 10. f5 exf5 11. Rxf5 Be7 12. c4 Ne5 13. Nc3 0-0 14. Qf1 Qd8 15. Rf2 Nc6 16. Nf4 Nd4 17. Bh3 Ne8 18. Be3 Bf6 19. Qc1 Nc7 20. Nce2 Nxe2+ 21. Rxe2 b5 22. Nd5 Nxd5 23. cxd5 Bc8 24. Bg2 a5 25. Qd2 a4 26. Rf1 c4 27. Ref2 Bg5 28. Bxg5 Qxg5 29. Qxg5 hxg5 30. dxc4 bxc4 31. Rc1 Ba6 32. Bf1 a3 33. bxa3 Rfc8 34. Rfc2 Rc5 35. Bxc4 Bxc4 36. Rxc4 Rxc4 37. Rxc4 Rxa3 38. Rc8+ Kh7 39. Rc6 Rxa2 40. Rxd6 Re2 41. Rd7 f6 42. Re7 Rd2 43. e5 fxe5 44. Rxe5 g4 45. Kf1 Kg6 46. Ke1 Rd4 47. Ke2 Kf6 48. Re6+ Kf5 49. Rd6 Ke5 50. Rg6 Kxd5 51. Rxg7 Ke6 52. Ke3 Ra4 53. Rg8 Kf5 54. Rh8 Re4+ 55. Kd3 Ra4 56. Rh5+ Kf6 57. Rc5 Ra2 58. Ke3 Rxh2 59. Kf4 Ra2 60. Rc6+ Kg7 61. Kxg4 Ra4+ 62. Kh5 Ra5+ 63. Kh4 Ra4+ 64. g4 Ra2 65. g5 Ra1 1/2-1/2

[Event "POL-chT1"]
[Site "Mrzezyno"]
[Date "2011.09.03"]
[Round "1"]
[White "Pisulinski, Jan"]
[Black "Marszalek, Maciej"]
[Result "1-0"]
[WhiteElo "2352"]
[BlackElo "2340"]
[PlyCount "67"]
[EventDate "2011.09.03"]
[EventType "team-tourn"]
[EventRounds "9"]
[EventCountry "POL"]
[SourceTitle "CBM 144 Extra"]
[Source "ChessBase"]
[SourceDate "2011.10.28"]
[SourceVersion "1"]
[SourceVersionDate "2011.10.28"]
[SourceQuality "1"]
[WhiteTeam "Gorzow Wielkopolski Stilon"]
[BlackTeam "Wroclaw WSB"]
[WhiteTeamCountry "POL"]
[BlackTeamCountry "POL"]

1. d4 d5 2. c4 c6 3. Nc3 Nf6 4. Nf3 g6 5. e3 Bg7 6. Be2 0-0 7. 0-0 Bg4 8. b3 Nbd7 9. Bb2 Qb6 10. Na4 Qa5 11. Bc3 Qd8 12. Rc1 Re8 13. Ne5 Bxe2 14. Qxe2 Nxe5 15. dxe5 Ne4 16. Bb2 dxc4 17. Rxc4 Ng5 18. Nc5 Qc8 19. f4 Ne6 20. Ne4 Nc7 21. Ng3 f5 22. exf6 exf6 23. f5 Qd8 24. fxg6 hxg6 25. Qc2 Qe7 26. Qxg6 Qxe3+ 27. Kh1 Qg5 28. Qc2 Nd5 29. Bc1 Ne3 30. Bxe3 Rxe3 31. Nf5 Rae8 32. Nxe3 Rxe3 33. h3 Qd5 34. Rh4 1-0

[Event "POL-chT 2st League"]
[Site "Mrzezyno"]
[Date "2010.09.09"]
[Round "6.27"]
[White "Pisulinski, Jan"]
[Black "Kastelik, Adrian"]
[Result "1-0"]
[WhiteElo "2363"]
[BlackElo "1995"]
[PlyCount "73"]
[EventDate "2010.09.04"]
[EventType "team-swiss"]
[EventRounds "9"]
[EventCountry "POL"]
[SourceTitle "EXT 2019"]
[Source "ChessBase"]
[SourceDate "2018.10.10"]
[SourceVersion "1"]
[SourceVersionDate "2018.10.10"]
[SourceQuality "1"]
[WhiteTeam "Gorzow Wielkopolski Stilon II"]
[BlackTeam "Mikolow AKS"]
[WhiteTeamCountry "POL"]
[BlackTeamCountry "POL"]

1. d4 d5 2. c4 c6 3. Nc3 dxc4 4. a4 Nf6 5. e3 e5 6. Bxc4 exd4 7. exd4 Bd6 8. Nf3 0-0 9. 0-0 Bg4 10. Bg5 Nbd7 11. h3 Bh5 12. Ne4 Be7 13. Ng3 Bxf3 14. Qxf3 Nb6 15. Bb3 h6 16. Be3 Nbd5 17. Nf5 Qd7 18. Bxh6 g6 19. Nxe7+ Qxe7 20. Bxf8 Qxf8 21. Rfe1 Qd6 22. h4 Kg7 23. Re5 Rh8 24. g3 Rf8 25. Rae1 Rh8 26. Bxd5 Nxd5 27. h5 f6 28. hxg6 Qb4 29. Re8 Rh6 30. Qf5 Qd6 31. R1e6 Qc7 32. Qe4 Qa5 33. R6e7+ Nxe7 34. Rxe7+ Kh8 35. g7+ Kg8 36. Qe6+ Kh7 37. g8Q# 1-0

[Event "POL-chT 2st League"]
[Site "Mrzezyno"]
[Date "2010.09.07"]
[Round "4.45"]
[White "Pisulinski, Jan"]
[Black "Grajczak, Adrian"]
[Result "1-0"]
[WhiteElo "2363"]
[BlackElo "2008"]
[PlyCount "49"]
[EventDate "2010.09.04"]
[EventType "team-swiss"]
[EventRounds "9"]
[EventCountry "POL"]
[SourceTitle "EXT 2019"]
[Source "ChessBase"]
[SourceDate "2018.10.10"]
[SourceVersion "1"]
[SourceVersionDate "2018.10.10"]
[SourceQuality "1"]
[WhiteTeam "Gorzow Wielkopolski Stilon II"]
[BlackTeam "Chojnice UKS Osemka"]
[WhiteTeamCountry "POL"]
[BlackTeamCountry "POL"]

1. d4 Nf6 2. c4 c5 3. d5 d6 4. Nc3 g6 5. e4 Bg7 6. Be2 0-0 7. Bg5 h6 8. Bf4 Re8 9. Qd2 h5 10. Nf3 Nh7 11. 0-0 Na6 12. h3 Bd7 13. e5 dxe5 14. Nxe5 Nf6 15. Bf3 Bc8 16. Rad1 Nd7 17. Nc6 Bxc3 18. bxc3 Qb6 19. Rb1 Nb4 20. Ne5 a5 21. a3 Nxe5 22. Bxe5 Bf5 23. Rb2 f6 24. Bg3 Bd3 25. Rc1 1-0

[Event "POL-chT 58th"]
[Site "Lubniewice"]
[Date "2002.09.08"]
[Round "9"]
[White "Dziuba, Marcin"]
[Black "Pisulinski, Jan"]
[Result "1/2-1/2"]
[WhiteElo "2454"]
[BlackElo "2389"]
[PlyCount "81"]
[EventDate "2002.08.31"]
[EventType "team-tourn"]
[EventRounds "9"]
[EventCountry "POL"]
[SourceTitle "EXT 2019"]
[Source "ChessBase"]
[SourceDate "2018.10.10"]
[SourceVersion "1"]
[SourceVersionDate "2018.10.10"]
[SourceQuality "1"]
[WhiteTeam "Lublin UMCS"]
[BlackTeam "Gorzow Wielkopolski Stilon"]
[WhiteTeamCountry "POL"]
[BlackTeamCountry "POL"]

1. d4 Nf6 2. c4 c5 3. d5 b5 4. cxb5 a6 5. bxa6 g6 6. g3 d6 7. Bg2 Bxa6 8. Bd2 Bg7 9. Bc3 0-0 10. Nh3 Nbd7 11. Nf4 Qb6 12. h4 h5 13. Nd2 Rfb8 14. b3 Ng4 15. Bxg7 Kxg7 16. 0-0 Nde5 17. Qc2 Qb4 18. a3 Qb6 19. Qc3 Kg8 20. Bh3 Nf6 21. Rfb1 Bc8 22. Bxc8 Rxc8 23. Nc4 Qc7 24. Ra2 Nxc4 25. bxc4 Rcb8 26. Rxb8+ Qxb8 27. Kg2 Ra4 28. Nd3 Qa8 29. Nb2 Ra7 30. f3 Nd7 31. a4 Ra5 32. Ra3 Nb6 33. Qb3 Qa6 34. Ra1 Kh7 35. Kf2 Kg8 36. Ra3 Kh7 37. Qc2 Kg8 38. Kg2 Qa7 39. Qb3 Qa6 40. f4 Nxd5 41. cxd5 1/2-1/2

[Event "POL-chT 58th"]
[Site "Lubniewice"]
[Date "2002.09.07"]
[Round "8"]
[White "Pisulinski, Jan"]
[Black "Grycel, Kamil"]
[Result "0-1"]
[WhiteElo "2389"]
[BlackElo "2297"]
[PlyCount "54"]
[EventDate "2002.08.31"]
[EventType "team-tourn"]
[EventRounds "9"]
[EventCountry "POL"]
[SourceTitle "EXT 2019"]
[Source "ChessBase"]
[SourceDate "2018.10.10"]
[SourceVersion "1"]
[SourceVersionDate "2018.10.10"]
[SourceQuality "1"]
[WhiteTeam "Gorzow Wielkopolski Stilon"]
[BlackTeam "Suwalki Hancza"]
[WhiteTeamCountry "POL"]
[BlackTeamCountry "POL"]

1. d4 Nf6 2. c4 e6 3. Nc3 Bb4 4. Qc2 c5 5. dxc5 0-0 6. Nf3 Na6 7. a3 Bxc3+ 8. Qxc3 Nxc5 9. g3 b6 10. Bg2 Bb7 11. 0-0 Rc8 12. Bf4 d5 13. Rac1 dxc4 14. Rfd1 Nd5 15. Qxc4 Ba6 16. Qa2 Bxe2 17. Rd2 Nd3 18. Rxc8 Qxc8 19. Qb1 N3xf4 20. gxf4 Bxf3 21. Bxf3 Nxf4 22. Qd1 Qc5 23. Rd7 Qg5+ 24. Kh1 Nh3 25. Rd2 Rc8 26. Qe1 Rc1 27. Bd1 Qxd2 0-1

[Event "POL-chT 58th"]
[Site "Lubniewice"]
[Date "2002.09.06"]
[Round "7"]
[White "Pisulinski, Jan"]
[Black "Weglarz, Leszek"]
[Result "1-0"]
[WhiteElo "2389"]
[BlackElo "2354"]
[PlyCount "85"]
[EventDate "2002.08.31"]
[EventType "team-tourn"]
[EventRounds "9"]
[EventCountry "POL"]
[SourceTitle "EXT 2019"]
[Source "ChessBase"]
[SourceDate "2018.10.10"]
[SourceVersion "1"]
[SourceVersionDate "2018.10.10"]
[SourceQuality "1"]
[WhiteTeam "Gorzow Wielkopolski Stilon"]
[BlackTeam "Poznan Pocztowiec"]
[WhiteTeamCountry "POL"]
[BlackTeamCountry "POL"]

1. d4 d5 2. Nf3 e6 3. c4 dxc4 4. e3 Nf6 5. Bxc4 c5 6. 0-0 a6 7. Bd3 b6 8. b3 cxd4 9. Nxd4 Bb7 10. Bb2 Be7 11. Nc3 0-0 12. Qe2 Nbd7 13. Rfd1 Qb8 14. Rac1 Rc8 15. h3 b5 16. a4 b4 17. Nb1 Nc5 18. Bc4 Bd5 19. Nd2 Qb7 20. N2f3 Ncd7 21. Qd3 Bxc4 22. Rxc4 Rxc4 23. Qxc4 Rc8 24. Qe2 Nd5 25. Rc1 Bf6 26. Qd2 g6 27. e4 Nc3 28. Bxc3 bxc3 29. Rxc3 Rxc3 30. Qxc3 Qxe4 31. Qc8+ Nf8 32. Nc6 Qb1+ 33. Kh2 Qd3 34. b4 Qd6+ 35. g3 Qd1 36. Nce5 Qxa4 37. Qb7 Qe8 38. Qxa6 Qb8 39. Qa5 Bd8 40. Qa4 Bb6 41. Kg2 Qd8 42. Qc6 Ba7 43. Qb7 1-0

[Event "POL-chT 58th"]
[Site "Lubniewice"]
[Date "2002.09.01"]
[Round "2"]
[White "Pisulinski, Jan"]
[Black "Gdanski, Jacek"]
[Result "1/2-1/2"]
[WhiteElo "2389"]
[BlackElo "2498"]
[PlyCount "82"]
[EventDate "2002.08.31"]
[EventType "team-tourn"]
[EventRounds "9"]
[EventCountry "POL"]
[SourceTitle "EXT 2019"]
[Source "ChessBase"]
[SourceDate "2018.10.10"]
[SourceVersion "1"]
[SourceVersionDate "2018.10.10"]
[SourceQuality "1"]
[WhiteTeam "Gorzow Wielkopolski Stilon"]
[BlackTeam "Warszawa Polonia"]
[WhiteTeamCountry "POL"]
[BlackTeamCountry "POL"]

1. d4 Nf6 2. c4 c5 3. d5 d6 4. Nc3 g6 5. e4 Bg7 6. Be2 0-0 7. Bg5 h6 8. Be3 e6 9. Qd2 exd5 10. cxd5 Re8 11. f3 h5 12. a4 Nh7 13. Bb5 Nd7 14. Nge2 a6 15. Bd3 Ne5 16. 0-0 Bd7 17. Rab1 Qa5 18. b3 b5 19. Bc2 Rab8 20. h3 b4 21. Nd1 c4 22. f4 Nd3 23. Bxd3 cxd3 24. Qxd3 f5 25. e5 dxe5 26. fxe5 Rxe5 27. Nf4 Rbe8 28. Bf2 Nf8 29. Ne3 Re4 30. Nc4 Qd8 31. Bc5 Qg5 32. Qf3 Bxa4 33. Nd6 Bb5 34. Nxe8 Bxf1 35. Rxf1 Rxe8 36. Bxb4 Bd4+ 37. Kh1 Re3 38. Qd1 Be5 39. Nd3 Qh4 40. Nxe5 Rxh3+ 41. gxh3 Qxh3+ 1/2-1/2

[Event "POL-chT 53rd"]
[Site "Krynica"]
[Date "1997.10.03"]
[Round "9"]
[White "Pisulinski, Jan"]
[Black "Kowalak, Piotr"]
[Result "0-1"]
[WhiteElo "2385"]
[BlackElo "2180"]
[PlyCount "125"]
[EventDate "1997.09.25"]
[EventType "team-tourn"]
[EventRounds "11"]
[EventCountry "POL"]
[SourceTitle "EXT 2019"]
[Source "ChessBase"]
[SourceDate "2018.10.10"]
[SourceVersion "1"]
[SourceVersionDate "2018.10.10"]
[SourceQuality "1"]
[WhiteTeam "Gorzow Wielkopolski Stilon"]
[BlackTeam "Legnica Miedz"]
[WhiteTeamCountry "POL"]
[BlackTeamCountry "POL"]

1. d4 d5 2. c4 c6 3. Nf3 Nf6 4. Nc3 dxc4 5. a4 Bg4 6. Ne5 Bh5 7. g3 e6 8. Bg2 Bb4 9. Nxc4 Nd5 10. Bd2 Nb6 11. Nxb6 axb6 12. Be3 Nd7 13. 0-0 0-0 14. h3 Qe7 15. f4 Ra6 16. Bf2 f6 17. g4 Bf7 18. e4 Rfa8 19. d5 e5 20. fxe5 Nxe5 21. Ne2 b5 22. b3 c5 23. Kh1 Be8 24. a5 Qd6 25. g5 fxg5 26. Bg3 Bg6 27. Qc1 Qe7 28. Rd1 Nf7 29. Nc3 Re8 30. e5 Nxe5 31. Re1 Qf6 32. Rf1 Qd8 33. d6 Rxd6 34. Nxb5 Rd7 35. a6 bxa6 36. Rxa6 Bd3 37. Bxe5 Bxb5 38. Ra8 Qe7 39. Rxe8+ Qxe8 40. Qxg5 Bxf1 41. Bxf1 Re7 42. Bb2 Qf8 43. Bc4+ Kh8 44. Be5 Rd7 45. Qg4 Qa8+ 46. Kg1 Qd8 47. Bd5 Bd2 48. Bc6 Ra7 49. h4 Be3+ 50. Kh1 Bd4 51. Bg3 Ra3 52. Qe6 Qg8 53. Qxg8+ Kxg8 54. Bd5+ Kf8 55. Kg2 Ke7 56. Kf3 Kf6 57. Bg8 h6 58. Bf4 g5 59. hxg5+ hxg5 60. Bg3 Ra7 61. Bc4 Re7 62. Bd5 Kf5 63. Bc4 0-1

[Event "POL-chT 53rd"]
[Site "Krynica"]
[Date "1997.09.29"]
[Round "5"]
[White "Pisulinski, Jan"]
[Black "Zyla, Janusz"]
[Result "1/2-1/2"]
[WhiteElo "2385"]
[BlackElo "2305"]
[PlyCount "106"]
[EventDate "1997.09.25"]
[EventType "team-tourn"]
[EventRounds "11"]
[EventCountry "POL"]
[SourceTitle "EXT 2019"]
[Source "ChessBase"]
[SourceDate "2018.10.10"]
[SourceVersion "1"]
[SourceVersionDate "2018.10.10"]
[SourceQuality "1"]
[WhiteTeam "Gorzow Wielkopolski Stilon"]
[BlackTeam "Glogow MOK Chrobry"]
[WhiteTeamCountry "POL"]
[BlackTeamCountry "POL"]

1. d4 Nf6 2. c4 g6 3. Nc3 Bg7 4. e4 d6 5. Be2 0-0 6. Bg5 Na6 7. Qd2 e5 8. d5 Nc5 9. f3 h6 10. Be3 Bd7 11. g4 h5 12. h3 Nh7 13. h4 hxg4 14. h5 Bf6 15. fxg4 Bh4+ 16. Kd1 Bg5 17. Nf3 Bxe3 18. Qxe3 Qe7 19. Nh4 Qg5 20. Kd2 a5 21. hxg6 fxg6 22. Qxg5 Nxg5 23. Nxg6 Rfe8 24. Ke3 Kg7 25. Nh4 Rh8 26. Nf5+ Kf6 27. Raf1 Rxh1 28. Rxh1 Nf7 29. Rh7 Kg6 30. Rg7+ Kf6 31. Rh7 Kg6 32. Rh5 Rh8 33. Rxh8 Nxh8 34. b3 Nf7 35. Bd1 Ng5 36. a3 b6 37. b4 axb4 38. axb4 Na6 39. Na2 Nh7 40. Be2 Nb8 41. b5 Kf6 42. Nb4 Bc8 43. c5 Bxf5 44. gxf5 bxc5 45. Na6 Nd7 46. Nxc7 Nb6 47. Ne8+ Ke7 48. Bh5 Nf6 49. Nxf6 Kxf6 50. Bd1 Kg5 51. Kf3 Nd7 52. Kg3 Nb6 53. Be2 Nd7 1/2-1/2

[Event "POL-chT 53rd"]
[Site "Krynica"]
[Date "1997.09.27"]
[Round "3"]
[White "Pisulinski, Jan"]
[Black "Socko, Bartosz"]
[Result "1/2-1/2"]
[WhiteElo "2385"]
[BlackElo "2435"]
[PlyCount "118"]
[EventDate "1997.09.25"]
[EventType "team-tourn"]
[EventRounds "11"]
[EventCountry "POL"]
[SourceTitle "EXT 2019"]
[Source "ChessBase"]
[SourceDate "2018.10.10"]
[SourceVersion "1"]
[SourceVersionDate "2018.10.10"]
[SourceQuality "1"]
[WhiteTeam "Gorzow Wielkopolski Stilon"]
[BlackTeam "Warszawa Polonia"]
[WhiteTeamCountry "POL"]
[BlackTeamCountry "POL"]

1. d4 Nf6 2. c4 g6 3. Nc3 Bg7 4. e4 d6 5. Be2 0-0 6. Bg5 h6 7. Be3 Nbd7 8. Qd2 c5 9. d5 Kh7 10. h3 b5 11. cxb5 a6 12. bxa6 Bxa6 13. Bxa6 Rxa6 14. Nf3 Nb6 15. 0-0 Qa8 16. b3 Nfd7 17. Rad1 f5 18. exf5 Rxf5 19. Rfe1 Bxc3 20. Qxc3 Nxd5 21. Qc4 N7f6 22. a4 Rb6 23. Bd2 e5 24. a5 Rb8 25. a6 Rf8 26. Nh4 Rh5 27. Nf3 Rf5 28. Nh4 Rh5 29. Nf3 Kg7 30. b4 cxb4 31. Rc1 Rf7 32. Bxb4 Nxb4 33. Qxb4 Qxa6 34. Ra1 Qc6 35. Rec1 Qd7 36. Ra8 Qb7 37. Qa5 Rd7 38. Qa2 Rf5 39. Rcc8 Rf7 40. Qe6 Qd7 41. Qb3 Qb7 42. Qc2 Rf4 43. Qd3 Qd7 44. Rd8 Qc7 45. Qxd6 Qxd6 46. Rxd6 Re7 47. Raa6 g5 48. Re6 Rxe6 49. Rxe6 e4 50. Nd4 Kf7 51. Ra6 Ng8 52. g3 Rf6 53. Ra7+ Kg6 54. g4 Rf7 55. Ra6+ Rf6 56. Ra8 Ne7 57. Ra7 Rd6 58. Nb5 Rd1+ 59. Kh2 Nd5 1/2-1/2

[Event "Holger Blomstrand's op"]
[Site "Gothenburg"]
[Date "1997.08.15"]
[Round "7"]
[White "Pribyl, Josef"]
[Black "Pisulinski, Jan"]
[Result "1/2-1/2"]
[WhiteElo "2430"]
[BlackElo "2385"]
[PlyCount "22"]
[EventDate "1997.08.09"]
[EventType "swiss"]
[EventRounds "9"]
[EventCountry "SWE"]
[SourceTitle "EXT 1999"]
[Source "ChessBase"]
[SourceDate "1998.11.16"]
[SourceVersion "1"]
[SourceVersionDate "1998.11.16"]
[SourceQuality "1"]

1. c4 c5 2. Nc3 b6 3. e4 Bb7 4. Nf3 d6 5. d4 cxd4 6. Nxd4 Nf6 7. f3 e6 8. Be3 Be7 9. Be2 0-0 10. 0-0 a6 11. Qd2 Nbd7 1/2-1/2

[Event "Holger Blomstrand's op"]
[Site "Gothenburg"]
[Date "1997.??.??"]
[Round "8"]
[White "Pisulinski, Jan"]
[Black "Karason, Askell Orn"]
[Result "1/2-1/2"]
[WhiteElo "2400"]
[BlackElo "2245"]
[PlyCount "129"]
[EventDate "1997.08.09"]
[EventType "swiss"]
[EventRounds "9"]
[EventCountry "SWE"]
[SourceTitle "EXT 1999"]
[Source "ChessBase"]
[SourceDate "1998.11.16"]
[SourceVersion "1"]
[SourceVersionDate "1998.11.16"]
[SourceQuality "1"]

1. d4 d6 2. e4 Nf6 3. Nc3 g6 4. Be3 c6 5. f3 b5 6. Qd2 Nbd7 7. g4 Nb6 8. b3 a6 9. g5 Nfd7 10. h4 Qc7 11. h5 Bg7 12. hxg6 hxg6 13. Rxh8+ Bxh8 14. Qh2 Bg7 15. Qh7 Kf8 16. Nge2 c5 17. 0-0-0 cxd4 18. Bxd4 e5 19. Be3 Bb7 20. Bh3 b4 21. Nb1 d5 22. Bxd7 Nxd7 23. exd5 Rc8 24. c4 bxc3 25. Nbxc3 Qa5 26. Kb2 Nb6 27. Qh3 Qb4 28. Bxb6 Qxb6 29. Ne4 Qe3 30. Qg2 a5 31. a4 Ba6 32. Rd2 Rb8 33. Nc1 Rb4 34. Qf2 Qxf2 35. Rxf2 Rd4 36. d6 Bb7 37. Ne2 Rxe4 38. fxe4 Bxe4 39. Kc3 Bd5 40. Nc1 e4+ 41. Kd2 Bd4 42. Rf1 Be5 43. Ke3 Bxd6 44. Kd4 Bb7 45. Ne2 Ba6 46. Rf6 Ke7 47. Nc3 Bb7 48. Nxe4 Bb8 49. Nc5 Bc8 50. Kd5 Bh3 51. Ra6 Bg2+ 52. Ne4 Bc7 53. Kd4 Kd7 54. Nf6+ Kc8 55. Nd5 Bd8 56. Ra7 Bxg5 57. Rxa5 Bh4 58. Rc5+ Kb8 59. Rc2 Bf3 60. b4 g5 61. a5 g4 62. a6 g3 63. Ra2 Ka7 64. b5 Bd8 65. b6+ 1/2-1/2

[Event "POL-chT 52nd"]
[Site "Augustow"]
[Date "1996.12.06"]
[Round "10"]
[White "Perdek, Miroslaw"]
[Black "Pisulinski, Jan"]
[Result "1-0"]
[WhiteElo "2320"]
[BlackElo "2400"]
[PlyCount "87"]
[EventDate "1996.11.27"]
[EventType "team-tourn"]
[EventRounds "11"]
[EventCountry "POL"]
[SourceTitle "EXT 2019"]
[Source "ChessBase"]
[SourceDate "2018.10.10"]
[SourceVersion "1"]
[SourceVersionDate "2018.10.10"]
[SourceQuality "1"]
[WhiteTeam "Wroclaw Hetman"]
[BlackTeam "Gorzow Wielkopolski Stilon"]
[WhiteTeamCountry "POL"]
[BlackTeamCountry "POL"]

1. d4 Nf6 2. Nf3 e6 3. c4 b6 4. a3 Ba6 5. Qc2 Bb7 6. Nc3 c5 7. e4 cxd4 8. Nxd4 Nc6 9. Nxc6 Bxc6 10. Bf4 Bc5 11. Be2 Qe7 12. e5 Ng8 13. 0-0 g5 14. Bd2 f5 15. Nb5 Bxb5 16. cxb5 Nh6 17. Qd3 Nf7 18. Bh5 0-0 19. Bxf7+ Qxf7 20. Bxg5 Be7 21. Bxe7 Qxe7 22. Rfd1 Rfd8 23. Rac1 Rac8 24. f4 d5 25. exd6 Rxc1 26. Rxc1 Qxd6 27. Qxd6 Rxd6 28. Rc7 Rd1+ 29. Kf2 Rd2+ 30. Kg3 Rxb2 31. a4 Rb4 32. Rxa7 h6 33. Re7 Rxa4 34. Rxe6 Kg7 35. Rxb6 Rb4 36. Rb7+ Kg6 37. b6 Rb3+ 38. Kh4 Rb2 39. Kh3 Rb3+ 40. g3 Rb2 41. Rb8 Kh7 42. b7 Kg7 43. g4 Rb3+ 44. Kh4 1-0

[Event "Gothenburg op"]
[Site "Gothenburg"]
[Date "1996.??.??"]
[Round "?"]
[White "Backlund, Anders"]
[Black "Pisulinski, Jan"]
[Result "0-1"]
[WhiteElo "2375"]
[BlackElo "2300"]
[PlyCount "128"]
[EventDate "1996.??.??"]
[EventType "swiss"]
[EventRounds "9"]
[EventCountry "SWE"]
[SourceTitle "EXT 2006"]
[Source "ChessBase"]
[SourceDate "2005.11.24"]
[SourceVersion "1"]
[SourceVersionDate "2005.11.24"]
[SourceQuality "1"]

1. g3 Nf6 2. Bg2 g6 3. c4 Bg7 4. Nc3 0-0 5. e4 d6 6. Nge2 c5 7. 0-0 Nc6 8. d3 Ne8 9. Be3 Nc7 10. d4 cxd4 11. Nxd4 Ne6 12. Nde2 Ne5 13. b3 b6 14. h3 Bb7 15. Qd2 Re8 16. Rad1 Nc5 17. Nd5 a6 18. f4 Ned7 19. Bd4 e5 20. Ba1 b5 21. b4 Ne6 22. f5 Nd4 23. Nxd4 Bxd5 24. fxg6 hxg6 25. Nf5 Bxc4 26. Nxg7 Kxg7 27. Rf2 Re6 28. Bf3 Nf6 29. g4 Nh7 30. Qe3 Qg5 31. Qxg5 Nxg5 32. Bg2 f6 33. Kh2 Rc8 34. h4 Nf7 35. g5 Rh8 36. gxf6+ Rxf6 37. Rxf6 Kxf6 38. Kg3 Bxa2 39. Rd3 Rc8 40. Ra3 Bb1 41. Rc3 Rc4 42. Rxc4 bxc4 43. Kf3 g5 44. hxg5+ Nxg5+ 45. Ke3 Ke7 46. Bc3 Kd7 47. Be1 Kc6 48. Bh4 Ne6 49. Kd2 Nd4 50. Be7 Bd3 51. Kc3 Ne2+ 52. Kd2 Ng3 53. Ke3 Nf1+ 54. Bxf1 Bxf1 55. Kd2 Bd3 56. Kc3 Bxe4 57. Kxc4 d5+ 58. Kc3 d4+ 59. Kc4 Bg2 60. Bf6 Bf1+ 61. Kb3 Kd5 62. Kc2 e4 63. Kb3 e3 64. Bg5 Ke4 0-1

[Event "Gothenburg op"]
[Site "Gothenburg"]
[Date "1996.??.??"]
[Round "?"]
[White "Rychagov, Mikhail"]
[Black "Pisulinski, Jan"]
[Result "0-1"]
[WhiteElo "2475"]
[BlackElo "2300"]
[PlyCount "72"]
[EventDate "1996.??.??"]
[EventType "swiss"]
[EventRounds "9"]
[EventCountry "SWE"]
[SourceTitle "EXT 2006"]
[Source "ChessBase"]
[SourceDate "2005.11.24"]
[SourceVersion "1"]
[SourceVersionDate "2005.11.24"]
[SourceQuality "1"]

1. Nf3 b5 2. g3 Bb7 3. Bg2 e6 4. 0-0 Nf6 5. d4 c5 6. Bg5 cxd4 7. Nxd4 Bxg2 8. Kxg2 a6 9. e4 h6 10. Bxf6 Qxf6 11. f4 Bc5 12. e5 Qg6 13. f5 exf5 14. Nxf5 0-0 15. Nc3 Re8 16. Qd5 Qc6 17. Rae1 Bb4 18. Re4 Bxc3 19. Nxh6+ Kh7 20. Qxc6 Nxc6 21. Nxf7 Bd2 22. Rh4+ Bh6 23. Nxh6 gxh6 24. Rf6 Nxe5 25. Rhxh6+ Kg7 26. Rxa6 Rac8 27. c3 Rc4 28. Rh5 Re4 29. Rg5+ Kf7 30. Rf5+ Ke7 31. h4 Rg8 32. h5 d6 33. h6 Re2+ 34. Kf1 Rh2 35. Kg1 Rh3 36. Kf1 Ke6 0-1